Pays ayant participé à la Coupe du Monde de Rugby (avec indice) - Statistiques

Statistiques générales
  • Ce quiz a été pris 106 fois
  • Le résultat moyen est 18 sur 26
Statistiques - réponses
Réponse % Correct
Afrique du Sud
100%
Nouvelle-Zélande
97%
France
95%
Australie
93%
Angleterre
92%
Argentine
85%
Fidji
84%
Japon
81%
Samoa
80%
Irlande
78%
Pays de Galles
75%
Tonga
75%
Ecosse
74%
Italie
67%
Canada
59%
Roumanie
58%
Namibie
57%
Etats-Unis
55%
Portugal
55%
Espagne
53%
Chili
51%
Géorgie
51%
Uruguay
48%
Russie
45%
Côte d'Ivoire
40%
Zimbabwe
33%
Aucun quiz correspondant
Distribution des résultats
% des personnes avec chaque résultat
Percentile par nombre de réponses
Votre historique - résultats
Vous n’avez pas pris ce quiz